Transactions without borders

Detalles Bibliográficos
Autor principal: Steiger, David A.
Formato: eBook
Lenguaje:inglés
Publicado: Chicago: American Bar Association, 2014
Materias:
Acceso en línea:Acceso restringido

MARC

LEADER 00000nam a22000007a 4500
005 20210225214820.0
007 cr|||| |||
008 210225s2014 us |||||s|||| 00||0 eng d
020 |a 978-1-62722-583-0 
035 |a 31363 
040 |a vLex 
090 |c 11283  |d 11283 
100 1 |a Steiger, David A. 
245 1 0 |a Transactions without borders  |h [Recurso electrn̤ico] /  |c David A. Steiger 
256 |a Servicio en ln̕ea 
260 |a Chicago:  |b American Bar Association,  |c 2014 
300 |a 1 recurso electrn̤ico 
506 1 |a Disponible solo en los productos indicados  |d vLex Global  |d vLex Global (Academic Edition, excluding Law Schools)  |d vLex Global (Academic Edition, Law Schools) 
650 0 4 |a Derecho Internacional  |z Estados Unidos 
740 0 |a vLex Libros (Servicio en ln̕ea) 
856 4 0 |u http://vlex.com/source/transactions-without-borders-31363  |z Acceso restringido 
942 |c BOOK 
999 0 |a International right